000 01111nam a22002777a 4500
001 6149
003 FISKH
005 20250320101454.0
008 250320b cb ||||| |||| 00| 0 eng d
020 _a9780237518806
040 _aFISKH
_beng
_cFISKH
_dFISKH
050 _aPZ7
082 _a942.9084
100 _aGardner, Faye
245 _aHome life in grandmother's day /
_cBy Faye Gardner with Joyce Williams
250 _aFirst published 1997
260 _aLondon :
_bEvans Brothers Ltd ;
_c1997.
300 _a30 pages :
_bcolor illustrations ;
_c25 cm .
490 _aIn grandma's day
520 _aEach of the books in this series present 20th-century history for the very young through a personal account of a real life Grandma's experiences in the 1930s, 1940s and 1950s. Each story is a first-person narrative and this text covers home life in grandma's day.
650 _aFarm life-Walse-History-20 th century
_vJuvenile literature
650 _aChildren-Walse-Social conditions
_vJuvenile literature
700 _aLafford, Stuart
_eIllustrator
942 _2ddc
_cBK
_n0
999 _c6149
_d6149